01758cam a22003494i 4500003000900000005001700009008004100026020001500067035002700082040003300109082002000142100002700162245008100189264004300270300003800313336002100351337002500372338002300397505083300420526001001253526001001263526001001273526001001283526000801293526000801301526000801309526000801317526000801325526000801333526000801341630005901349PE-LiUPU20250731173358.0150706s r 000 0 d a1894667298 a(Sirsi) i9781894667296 aPE-LiUPUbspacPE-LiUPUerda04a222.43bB652211 aBodner, Keith,eautor.10aNational insecurity :ba primer on the first book of Samuel /cKeith Bodner. 1aToronto :bClements Publishing,c2003. a212 páginas ;c23 centímetros atext2rdacontent aunmediated2rdamedia avolume2rdacarrier0 aOpening Moments -- The House that Eli Built -- Sensory Perceptions -- Ark-Eology -- Readers of the Lost Art -- Return of the King -- Battle of "Help Roock" Grammar of Dissent -- Where is the House of the seer? -- With the Prophet (s) -- Hissing of "The Snake" -- Valedictory Andres, or Grumpy old Man? -- The Strong and the week. Bitter aftertaste of honey -- "Talking' Bout my (de) generation" -- New kid on the block -- Profiles in courage -- The spear or foreshadowing -- A son-in-law is hard to find -- When the reign starts to fall -- Conspiracy theories -- The fugitive -- Oracle software -- Caving and cutting off -- A fool and a Wineskin -- Campsite discourse -- Residing with a philistine potentate -- The medium and the message -- Interpreting the lyrics of that pop song -- "Left end of an Era" -- The end of an Era. aSEG42 aSEG41 aSEG40 aSEG39 aP94 aP87 aP86 aP85 aP77 aP76 aP35 aBiblia.pA.T.pSamuelxCritica, Interpretación, etc.